000 00253nam a2200109Ia 4500
008 220216s9999 xx 000 0 und d
100 _aBenny K K
245 0 _aRubber thai thiranjedukkumbol
260 _bKarshakasree
_c2015
300 _a32
942 _cBS
999 _c51150
_d51150